| 000 | 02740nam a22003617a 4500 | ||
|---|---|---|---|
| 001 | 104394 | ||
| 003 | KnowledgeUnlatched | ||
| 005 | 20210303104943.0 | ||
| 006 | m o d | ||
| 007 | cr u|||||||||| | ||
| 008 | 210129p20152020xx o u00| u eng d | ||
| 037 | _5BiblioBoard | ||
| 245 | 0 | 0 |
_aAfro-Peruvian Spanish _bSpanish slavery and the legacy of Spanish Creoles / _cSandro Sessarego. |
| 020 | _a9789027267764 | ||
| 024 | 8 | _ahttps://doi.org/10.1075/cll.51 | |
| 029 | 1 | _ahttps://library.biblioboard.com/ext/api/media/434143ba-5528-4c41-9e92-a973592829cb/assets/thumbnail.jpg | |
| 040 |
_aScCtBLL _cScCtBLL |
||
| 100 | 1 |
_aSessarego, Sandro _eauthor. |
|
| 264 | 1 | _bJohn Benjamins Publishing Company, | |
| 300 | _a1 online resource (1 p.) | ||
| 506 | 0 |
_aAccess copy available to the general public. _fUnrestricted _2star |
|
| 520 | _aThe present work not only contributes to shedding light on the linguistic and socio-historical origins of Afro-Peruvian Spanish, it also helps clarify the controversial puzzle concerning the genesis of Spanish creoles in the Americas in a broader sense. In order to provide a more concrete answer to the questions raised by McWhorter's book on The Missing Spanish Creoles, the current study has focused on an aspect of the European colonial enterprise in the Americas that has never been closely analyzed in relation to the evolution of Afro-European contact varieties, the legal regulations of black slavery. This book proposes the 'Legal Hypothesis of Creole Genesis', which ascribes a prime importance in the development of Afro-European languages in the Americas to the historical evolution of slavery, from the legal rules contained in the Roman Corpus Juris Civilis to the codes and regulations implemented in the different European colonies overseas. This research was carried out with the belief that creole studies will benefit greatly from a more interdisciplinary approach, capable of combining linguistic, socio-historical, legal, and anthropological insights. This study is meant to represent an eclectic step in such a direction. | ||
| 588 | 0 | _aDescription based on print version record. | |
| 590 | _aKU Select 2019: HSS Backlist Books | ||
| 650 | 7 |
_aLanguage Arts & Disciplines / Linguistics _2bisacsh |
|
| 650 | 0 | _aLanguage arts | |
| 655 | 0 | _aElectronic books. | |
| 758 |
_iIs found in: _aKnowledge Unlatched _1https://openresearchlibrary.org/module/2774bc74-146a-484f-a7ba-ab1d6a09bbfb |
||
| 856 | 4 | 0 |
_uhttps://openresearchlibrary.org/content/434143ba-5528-4c41-9e92-a973592829cb _zView this content on Open Research Library. _70 |
| 999 |
_c33086 _d33086 |
||